De Lamennais a Maritain
Сохранить в:
| Главный автор: | |
|---|---|
| Формат: | |
| Язык: | испанский |
| Опубликовано: |
Buenos Aires
Theoría
1967
|
| Редактирование: | 2a. ed |
| Предметы: | |
| Метки: |
Добавить метку
Нет меток, Требуется 1-ая метка записи!
|
MARC
| LEADER | 00000nam a2200000 a 4500 | ||
|---|---|---|---|
| 001 | UCW9973 | ||
| 003 | CL-VaPUC | ||
| 005 | 20211117135323.0 | ||
| 008 | 890712e19670000AG |||||||||||||||||spa|d | ||
| 999 | |c 221791 |d 221789 | ||
| 040 | |c Pontificia Universidad Católica de Valparaíso | ||
| 082 | 0 | 4 | |a 200.1 |b MEI |2 21 |
| 100 | |a Meinvielle, Julio |e autor |9 527244 | ||
| 245 | 1 | 0 | |a De Lamennais a Maritain |
| 250 | |a 2a. ed | ||
| 260 | |a Buenos Aires |b Theoría |c 1967 | ||
| 300 | |a 378 p | ||
| 583 | |a last modification |c 19890712 00:00:00 |k Rodrigo Vera | ||
| 600 | |a Maritain, Jacques, |d 1882-1973 |9 862881 | ||
| 650 | 0 | |a Filosofía cristiana |9 265980 | |
| 650 | 0 | |a Crítica e interpretación |9 255042 | |
| 942 | |c BK |2 ddc | ||
| 945 | |d 19890712 00:00:00 | ||
| 952 | |0 0 |1 0 |4 0 |6 200_100000000000000_MEI_1967 |7 0 |8 A |9 215669 |a BIBEDU |b BIBEDU |d 2019-11-15 |i 2840626 |l 3 |m 1 |o 200.1 MEI 1967 |p 2840626 |r 2023-08-30 |s 2023-08-16 |w 2019-11-15 |y BK |k FIL | ||